| 000 | 00820nam a2200229 a 4500 | ||
|---|---|---|---|
| 005 | 20240113063700.0 | ||
| 008 | 070906s2003 mx r 000 0 spa d | ||
| 020 | _a8497880064 | ||
| 035 | _aUPN01000151731 | ||
| 049 | _aCG | ||
| 050 | 4 |
_aTK5105.5 _bC5.2 |
|
| 245 | 0 | 0 |
_aCibersociedad 2.0 : _buna nueva visita a la comunidad y la comunicación mediada por ordenador / _ced. Steven G. Jones. |
| 260 |
_aBarcelona, Esp. : _bUOC, _c2003. |
||
| 300 | _a253 p. | ||
| 440 | 0 | _aNueva tecnologías y sociedad | |
| 534 |
_pTraducción de: _tCybersociety 2.0. Revisiting Computer-Mediated Communication and Technology |
||
| 650 | 4 |
_aREDES DE COMPUTADORAS - _xASPECTOS SOCIALES _920418 |
|
| 650 | 2 |
_aComputadoras y civilización _91222 |
|
| 650 | 4 |
_aComunicación _99285 |
|
| 700 | 1 |
_aJones, Steven G., _eed. |
|
| 905 | _aLibro | ||
| 999 |
_c123867 _d123867 |
||